000 00684nam a2200241Ia 4500
003 OSt
005 20221006145308.0
006 a|||||r|||| 00| 0
007 ta
008 221006b |||||||| |||| 00| 0 eng d
020 _c
_14.00
024 _a14,380
037 _cTextual
040 _aEASL
_cEASL
_beng
041 _2eng
_aeng
082 _aL0bR4.41.M, L9
100 _aUNSHULD Paul.U
_9654065
245 0 _aMedical ethics in imperial China
_b A study in historical anthropology
260 _aBerkeley
_bUniversity of California Press
_c1979
300 _a142p.
_ccm.
942 _hL0bR4.41.M, L9
_cTEXL
_2CC
999 _c1082466
_d1082466